| Tag |
First Indicator |
Second Indicator |
Subfields |
| LEADER |
00000cam a2200000 i 4500 |
| 001 |
in00005771739 |
| 005 |
20260327174335.0 |
| 006 |
m o d |
| 007 |
cr cnu---unuuu |
| 008 |
230325t20232023caua ob 001 0 eng d |
| 040 |
|
|
|a EBLCP
|b eng
|e rda
|e pn
|c EBLCP
|d YDX
|d OPELS
|d YDX
|d OCLCF
|d OCLCO
|d WAU
|d OCLCL
|d UKMGB
|d UKAHL
|d UKKRT
|d SFB
|
| 015 |
|
|
|a GBC309590
|2 bnb
|
| 016 |
7 |
|
|a 020870899
|2 Uk
|
| 019 |
|
|
|a 1374035608
|a 1376265482
|a 1535408318
|a 1559407100
|
| 020 |
|
|
|a 9780443192388
|q (electronic book)
|
| 020 |
|
|
|a 0443192383
|q (electronic book)
|
| 020 |
|
|
|z 9780443192371
|
| 020 |
|
|
|z 0443192375
|
| 035 |
|
|
|a (OCoLC)1373985929
|z (OCoLC)1374035608
|z (OCoLC)1376265482
|z (OCoLC)1535408318
|z (OCoLC)1559407100
|
| 037 |
|
|
|a 9780443192388
|b Ingram Content Group
|
| 050 |
|
4 |
|a QH541.15.M3
|b S54 2023
|
| 082 |
0 |
4 |
|a 577.015118
|2 23/eng/20230427
|
| 049 |
|
|
|a TXAM
|
| 100 |
1 |
|
|a Sieniutycz, Stanislaw,
|e author.
|
| 245 |
1 |
0 |
|a Complexity and complex ecological systems /
|c Stanislaw Sieniutycz.
|
| 264 |
|
1 |
|a Amsterdam, Netherlands ;
|a Oxford, United Kingdom ;
|a Cambridge MA :
|b Elsevier,
|c [2023]
|
| 264 |
|
4 |
|c ©2023
|
| 300 |
|
|
|a 1 online resource (xv, 171 pages) :
|b illustrations
|
| 336 |
|
|
|a text
|b txt
|2 rdacontent
|
| 337 |
|
|
|a computer
|b c
|2 rdamedia
|
| 338 |
|
|
|a online resource
|b cr
|2 rdacarrier
|
| 504 |
|
|
|a Includes bibliographical references and index.
|
| 505 |
0 |
|
|a Preface -- Acknowledgments -- Chapter 1. Early works in ecology and ecological approaches -- Chapter 2. Further development of thermodynamic views in ecology -- Chapter 3. Ascendant perspective of Ulanowicz -- Chapter 4. Genetic diversity and the spread of populations -- Chapter 5. Robust statistical inference for complex computer models -- Chapter 6. Biodiversity maintenance in food webs -- Chapter 7. Dynamic food webs -- Chapter 8. Outline of a mathematical ecology by E.C. Pielou -- Chapter 9. Optimizing in ecological system -- Glossary -- Index.
|
| 588 |
|
|
|a Description based on online resource; title from PDF title page (ProQuest Ebook Central, viewed on April 27, 2023).
|
| 520 |
|
|
|a Complexity and Complex Ecological Systems covers the basic aspects of analysis, synthesis and optimization of ecological systems. The book focuses on the study of environmental systems, presenting how organisms behave and live with each other in unique physical environs. It covers ecology-related topics, such as biological diversity in fluid systems, living complexity behavior, and organismic changes in unique environments, as well as other ecological problems such as biological organization, life with each other, energy degradation, gradient reduction, organisms' adaptation, population dynamics, spatial patterns, ecological integrity, sustainability and environmental strategies. This complexity-oriented book complements Sieniutycz' recently published books Complexity and Complex Thermo-Economic Systems and Complexity and Complex Chemo-Electric Systems. Provides coherent treatment of ecosystem design problems (modeling, analysis, synthesis and optimization) Offers a synthesizing presentation of dynamical properties of ecosystems Contains original graphs illustrating a dynamic programming approach to ecosystems.
|
| 650 |
|
0 |
|a Ecology
|x Mathematical models.
|
| 650 |
|
0 |
|a Biocomplexity.
|
| 650 |
|
6 |
|a Biocomplexité.
|
| 650 |
|
7 |
|a Biocomplexity
|2 fast
|
| 650 |
|
7 |
|a Ecology
|x Mathematical models
|2 fast
|
| 655 |
|
7 |
|a Electronic books.
|2 local
|
| 710 |
2 |
|
|a ScienceDirect (Online service)
|
| 776 |
0 |
8 |
|i Print version:
|a SIENIUTYCZ, STANISLAW.
|t COMPLEXITY AND COMPLEX ECOLOGICAL SYSTEMS.
|d [S.l.] : ELSEVIER, 2023
|z 0443192375
|w (OCoLC)1336987475
|
| 856 |
4 |
0 |
|u http://proxy.library.tamu.edu/login?url=https://www.sciencedirect.com/science/book/9780443192371
|z Connect to the full text of this electronic book
|t 0
|
| 955 |
|
|
|a Elsevier ScienceDirect 2026-2027
|
| 994 |
|
|
|a 92
|b TXA
|
| 999 |
f |
f |
|i b4d21c49-3e41-4e50-b700-982771f65c86
|s 4b3d5c9b-80db-4021-b7f6-80a17d0f12ce
|t 0
|
| 952 |
f |
f |
|a Texas A&M University
|b College Station
|c Electronic Resources
|s www_evans
|d Available Online
|t 0
|e QH541.15.M3 S54 2023
|h Library of Congress classification
|
| 998 |
f |
f |
|a QH541.15.M3 S54 2023
|t 0
|l Available Online
|